000
00314nam a22001337a 4500
008
180904b xxu||||| |||| 00| 0 eng d
020
_a
9780077323134
041
_a
eng
080
_2
3 ed
_a
311
100
_a
55
101
_a
STA
245
_a
Essentials Of Business Statistics
_c
Bowerman.b.l
942
_2
udc
_c
BK
999
_c
47514
_d
47514